[Event "Las Americas op U1800 Hybrid"]
[Site "Internet"]
[Date "2022.06.04"]
[Round "6.28"]
[White "Alexander, Andy"]
[Black "Huallpa Fernandez, Hector Manuel"]
[Result "1/2-1/2"]
[WhiteElo "1645"]
[BlackElo "1221"]
[PlyCount "118"]
[EventDate "2022.06.04"]
[EventType "swiss"]
[EventRounds "6"]
[EventCountry "VEN"]
[SourceTitle "EXT 2024"]
[Source "ChessBase"]
[SourceDate "2023.10.10"]
[SourceVersion "1"]
[SourceVersionDate "2023.10.10"]
[SourceQuality "1"]

1. e4 c5 2. f4 e6 3. Nf3 Nc6 4. Be2 a6 5. 0-0 Nge7 6. Kh1 g6 7. c3 Bg7 8. d4 cxd4 9. cxd4 d5 10. e5 b5 11. a3 Bb7 12. Nc3 Qb6 13. Be3 Qd8 14. b4 Rc8 15. Rc1 0-0 16. Bd3 Rc7 17. Ne2 Nc8 18. Nd2 Nb6 19. Rc3 Nc4 20. Bg1 Qd7 21. Bb1 Rfc8 22. Ng3 Ne7 23. Rcf3 Ra8 24. Nb3 Qd8 25. Nc5 Nc8 26. f5 exf5 27. Nxf5 gxf5 28. Rxf5 N8b6 29. Rf6 Nd7 30. Nxd7 Rxd7 31. Qd3 h6 32. R1f3 Nd6 33. Qh7+ Kf8 34. Rg3 Ne8 35. Rxg7 Nxg7 36. Be3 Ke7 37. Qxg7 Qf8 38. Qh7 Qg8 39. Qf5 Re8 40. Rxh6 Kd8 41. Qf6+ Kc7 42. Bf4 Re6 43. Qh4 Rxh6 44. Qxh6 Kd8 45. Bf5 Bc8 46. Qf6+ Ke8 47. Bg5 Kf8 48. Bxd7 Bxd7 49. Qd8+ Be8 50. Qe7+ Kg7 51. Qf6+ Kf8 52. Qh6+ Qg7 53. Be7+ Kg8 54. Qxg7+ Kxg7 55. Bf6+ Kg6 56. h4 Bd7 57. Kh2 Bg4 58. Kg3 Kf5 59. Be7 Bh5 1/2-1/2

[Event "Las Americas op U1800 Hybrid"]
[Site "Internet"]
[Date "2022.06.04"]
[Round "4.32"]
[White "Alexander, Andy"]
[Black "Kilibarda Acebey, Veroska Isabela"]
[Result "1-0"]
[WhiteElo "1645"]
[BlackElo "1315"]
[PlyCount "55"]
[EventDate "2022.06.04"]
[EventType "swiss"]
[EventRounds "6"]
[EventCountry "VEN"]
[SourceTitle "EXT 2024"]
[Source "ChessBase"]
[SourceDate "2023.10.10"]
[SourceVersion "1"]
[SourceVersionDate "2023.10.10"]
[SourceQuality "1"]

1. e4 c5 2. Nf3 Nc6 3. d4 cxd4 4. Nxd4 g6 5. c3 Bg7 6. Be3 Nf6 7. Nd2 d5 8. Nxc6 bxc6 9. Qa4 Qd7 10. Rd1 0-0 11. f3 Qe6 12. Be2 a6 13. 0-0 Bb7 14. Rfe1 dxe4 15. Bc4 Qc8 16. Bc5 exf3 17. Nxf3 Re8 18. Rxe7 Rxe7 19. Bxe7 Nd5 20. Bc5 Qg4 21. Bf2 Kh8 22. Qb3 Bc8 23. Bxd5 cxd5 24. Qxd5 Bb7 25. Qxb7 Re8 26. Qxf7 Rf8 27. Qe7 Kg8 28. Rd7 1-0

[Event "Las Americas Team op U2400 Hybrid"]
[Site "Internet"]
[Date "2022.05.14"]
[Round "2.7"]
[White "Alexander, Andy"]
[Black "Herbert, Allan"]
[Result "0-1"]
[WhiteElo "1688"]
[BlackElo "1490"]
[PlyCount "132"]
[EventDate "2022.05.14"]
[EventType "team-swiss"]
[EventRounds "5"]
[EventCountry "VEN"]
[SourceTitle "EXT 2023"]
[Source "ChessBase"]
[SourceDate "2022.10.05"]
[SourceVersion "1"]
[SourceVersionDate "2022.10.05"]
[SourceQuality "1"]

1. e4 c6 2. d4 d5 3. e5 e6 4. c3 c5 5. Nf3 Nc6 6. Bb5 Qb6 7. Bxc6+ Qxc6 8. 0-0 Ne7 9. b3 Nf5 10. Bb2 b6 11. Nbd2 Ba6 12. Re1 h5 13. Rc1 Rc8 14. a3 Be7 15. b4 Bb5 16. Nf1 Bxf1 17. Rxf1 Kd7 18. a4 a6 19. a5 cxb4 20. cxb4 Qb5 21. Qd2 Bxb4 22. Bc3 Bxc3 23. Rxc3 Rxc3 24. Qxc3 Rc8 25. Qd2 bxa5 26. h3 Qb4 27. Qa2 Nxd4 28. Nxd4 Qxd4 29. Qe2 g6 30. Qxa6 Qb4 31. Qa7+ Rc7 32. Qa8 a4 33. Ra1 Rc4 34. Qg8 Qe7 35. Rb1 a3 36. Qb8 Rc7 37. Rb6 a2 38. Ra6 Rc1+ 39. Kh2 a1Q 40. Rd6+ Qxd6 41. Qxd6+ Kc8 42. Qf8+ Kd7 43. Qd6+ Kc8 44. Qf8+ Kb7 45. Qxf7+ Kc6 46. Qxe6+ Kc5 47. Qd6+ Kd4 48. e6 h4 49. Qf4+ Kc5 50. Qxh4 Qe5+ 51. f4 Qxe6 52. Qf2+ d4 53. Qd2 Qe3 54. Qa5+ Kc4 55. Qa6+ Kc3 56. Qc6+ Kd2 57. Qd6 Rc3 58. f5 gxf5 59. h4 f4 60. Qg6 Qg3+ 61. Qxg3 Rxg3 62. h5 Rg5 63. Kh3 Ke3 64. g4 fxg3 65. Kh4 g2 66. h6 g1Q 0-1